| 000 | 00671cam a2200241 4500 | ||
|---|---|---|---|
| 001 | 1264129 | ||
| 003 | OSt | ||
| 005 | 20140310182214.0 | ||
| 008 | 740212s1973 orua 000 0 eng | ||
| 010 | _a 74155324 | ||
| 040 |
_aDLC _cDLC _dDLC |
||
| 043 | _an-us-or | ||
| 050 | 0 | 0 |
_aF 884 _b.D524 1973 |
| 082 | 0 | 0 |
_aHS 917.9549 _bD51 1973 |
| 100 | 1 |
_aDe Wolfe, Fred, _d1928- _916901 |
|
| 245 | 1 | 0 |
_aPortland West/ _cFred DeWolfe. |
| 260 |
_aPortland, Or., _bPress-22, _c1973. |
||
| 300 |
_a82 p. ; _c22 cm. _bill. ; |
||
| 651 | 0 |
_aPortland (Or.) _xPictorial works. _916902 |
|
| 906 |
_a7 _bcbc _corignew _d2 _encip _f19 _gy-gencatlg |
||
| 942 |
_2lcc _cHS |
||
| 999 |
_c10539 _d10539 |
||